Weak lensing in the second post-Newtonian approximation: gravitomagnetic potentials and the integrated Sachs-Wolfe effect

Saved in:
Bibliographic Details
Main Authors: Schäfer, Björn Malte (Author) , Bartelmann, Matthias (Author)
Format: Article (Journal)
Language:English
Published: June 11, 2006
In: Monthly notices of the Royal Astronomical Society
Year: 2006, Volume: 369, Issue: 1, Pages: 425-440
ISSN:1365-2966
DOI:10.1111/j.1365-2966.2006.10316.x
Online Access:Verlag, kostenfrei, Volltext: http://dx.doi.org/10.1111/j.1365-2966.2006.10316.x
Get full text
Author Notes:B.M. Schäfer and M. Bartelmann

MARC

LEADER 00000caa a22000002c 4500
001 1546863613
003 DE-627
005 20220813044856.0
007 cr uuu---uuuuu
008 160907s2006 xx |||||o 00| ||eng c
024 7 |a 10.1111/j.1365-2966.2006.10316.x  |2 doi 
035 |a (DE-627)1546863613 
035 |a (DE-576)476863619 
035 |a (DE-599)BSZ476863619 
035 |a (OCoLC)1340928340 
040 |a DE-627  |b ger  |c DE-627  |e rda 
041 |a eng 
084 |a 29  |2 sdnb 
100 1 |a Schäfer, Björn Malte  |d 1975-  |e VerfasserIn  |0 (DE-588)130289795  |0 (DE-627)497365421  |0 (DE-576)298108380  |4 aut 
245 1 0 |a Weak lensing in the second post-Newtonian approximation  |b gravitomagnetic potentials and the integrated Sachs-Wolfe effect  |c B.M. Schäfer and M. Bartelmann 
264 1 |c June 11, 2006 
300 |a 16 
336 |a Text  |b txt  |2 rdacontent 
337 |a Computermedien  |b c  |2 rdamedia 
338 |a Online-Ressource  |b cr  |2 rdacarrier 
500 |a Gesehen am 07.09.2016 
700 1 |a Bartelmann, Matthias  |d 1965-  |e VerfasserIn  |0 (DE-588)141554185  |0 (DE-627)629953090  |0 (DE-576)170611779  |4 aut 
773 0 8 |i Enthalten in  |a Royal Astronomical Society  |t Monthly notices of the Royal Astronomical Society  |d Oxford : Oxford Univ. Press, 1827  |g 369(2006), 1, Seite 425-440  |h Online-Ressource  |w (DE-627)314059164  |w (DE-600)2016084-7  |w (DE-576)090955420  |x 1365-2966  |7 nnas 
773 1 8 |g volume:369  |g year:2006  |g number:1  |g pages:425-440  |g extent:16  |a Weak lensing in the second post-Newtonian approximation gravitomagnetic potentials and the integrated Sachs-Wolfe effect 
856 4 0 |u http://dx.doi.org/10.1111/j.1365-2966.2006.10316.x  |x Verlag  |x Resolving-System  |z kostenfrei  |3 Volltext 
951 |a AR 
992 |a 20160907 
993 |a Article 
994 |a 2006 
998 |g 141554185  |a Bartelmann, Matthias  |m 141554185:Bartelmann, Matthias  |d 700000  |d 714000  |d 714200  |e 700000PB141554185  |e 714000PB141554185  |e 714200PB141554185  |k 0/700000/  |k 1/700000/714000/  |k 2/700000/714000/714200/  |p 2  |y j 
998 |g 130289795  |a Schäfer, Björn Malte  |m 130289795:Schäfer, Björn Malte  |d 910000  |d 950000  |d 950950  |e 910000PS130289795  |e 950000PS130289795  |e 950950PS130289795  |k 0/910000/  |k 1/910000/950000/  |k 2/910000/950000/950950/  |p 1  |x j 
999 |a KXP-PPN1546863613  |e 2938258569 
BIB |a Y 
SER |a journal 
JSO |a {"id":{"doi":["10.1111/j.1365-2966.2006.10316.x"],"eki":["1546863613"]},"note":["Gesehen am 07.09.2016"],"title":[{"subtitle":"gravitomagnetic potentials and the integrated Sachs-Wolfe effect","title_sort":"Weak lensing in the second post-Newtonian approximation","title":"Weak lensing in the second post-Newtonian approximation"}],"origin":[{"dateIssuedKey":"2006","dateIssuedDisp":"June 11, 2006"}],"language":["eng"],"name":{"displayForm":["B.M. Schäfer and M. Bartelmann"]},"person":[{"family":"Schäfer","role":"aut","given":"Björn Malte","display":"Schäfer, Björn Malte"},{"given":"Matthias","display":"Bartelmann, Matthias","family":"Bartelmann","role":"aut"}],"recId":"1546863613","relHost":[{"title":[{"title_sort":"Monthly notices of the Royal Astronomical Society","title":"Monthly notices of the Royal Astronomical Society"}],"origin":[{"publisherPlace":"Oxford ; Oxford [u.a.] ; Oxford [u.a.]","dateIssuedDisp":"1827-","publisher":"Oxford Univ. Press ; Blackwell ; Wiley-Blackwell","dateIssuedKey":"1827"}],"id":{"eki":["314059164"],"issn":["1365-2966"],"doi":["10.1111/(ISSN)1365-2966"],"zdb":["2016084-7"]},"type":{"media":"Online-Ressource","bibl":"periodical"},"physDesc":[{"extent":"Online-Ressource"}],"corporate":[{"role":"aut","display":"Royal Astronomical Society"}],"pubHistory":["1.1827 -"],"recId":"314059164","language":["eng"],"note":["Gesehen am 15.01.2018"],"disp":"Royal Astronomical SocietyMonthly notices of the Royal Astronomical Society","part":{"pages":"425-440","year":"2006","volume":"369","extent":"16","issue":"1","text":"369(2006), 1, Seite 425-440"}}],"physDesc":[{"extent":"16 S."}],"type":{"bibl":"article-journal","media":"Online-Ressource"}} 
SRT |a SCHAEFERBJWEAKLENSIN1120